000 01092nam a2200325Ia 4500
001 38074
003 IT-RoPAU
008 130308s9999 xx 000 0 und d
040 _aIT-RoPAU
040 _cIT-RoPAU
041 _aFRANCESE
100 _aGodard Jean-Luc
100 _gCodice Aut. SPICS: 5975
245 _aJean-Luc Godard par Jean-Luc Godard
245 _bJean-Luc Godard Par Jean-Luc Godard
250 _a1a ed.
260 _aPARIS
260 _bL'Etoile
260 _c1985 [1° Ed.:1985 - Ed.Ling.Originale:1985]
300 _a"640 p. (prefazione: no ; testo: 640)"
500 _a35 Anni di scritti Documenti di Lavoro di Jean Luc Godard Autobiografia o itinerario Artistico di Jean Luc Godard scritti Critici Sul Cinema di Hitchcock Rossellini Nicholas Ray Mizoguchi interviste Sceneggiature e Documenti inediti Filmografia di Jean Luc Godard
650 _aAUTORI/OPERE DEL CINEMA
650 _eCodice materia Spics: 6807
700 _aBergala Alain
700 _gCodice Aut. SPICS: 9309
942 _cBK
957 _71
999 _c71584
_d71584
999 _bSI
999 _g1